[Event "39. Rilton Cup 2009/2010"]
[Site "Stockholm SWE"]
[Date "2010.01.04"]
[Round "8.9"]
[White "Gavrilov, Alexei"]
[Black "Handke, Florian"]
[Result "0-1"]
[WhiteElo "2481"]
[BlackElo "2513"]
[PlyCount "198"]
[EventDate "2009.12.27"]
[EventType "swiss"]
[EventRounds "9"]
[EventCountry "SWE"]
[Source "lmi"]
[SourceDate "2009.12.27"]

1. e4 e5 2. Nf3 Nf6 3. Nxe5 d6 4. Nf3 Nxe4 5. d4 d5 6. Bd3 Nc6 7. O-O Be7 8.
Nc3 Bf5 9. Re1 Nxc3 10. bxc3 Bxd3 11. Qxd3 O-O 12. c4 Bf6 13. c3 dxc4 14. Qxc4
Na5 15. Qa4 b6 16. Bf4 c6 17. Be5 Re8 18. h3 Bxe5 19. Nxe5 Qd6 20. Re3 f6 21.
Ng4 Rxe3 22. Nxe3 Qe6 23. Rd1 Qe4 24. Qb4 Re8 25. c4 f5 26. Qc3 f4 27. Nc2 Rd8
28. Re1 Qf5 29. Re5 Qf7 30. d5 h6 31. Nb4 Qg6 32. Re7 Re8 33. Rxa7 cxd5 34.
cxd5 Qf6 35. Qxf6 gxf6 36. f3 Nc4 37. Nd3 Re2 38. Nxf4 Rd2 39. a4 Rd4 40. Nh5
Rd1+ 41. Kf2 f5 42. Rc7 Rd2+ 43. Ke1 Rd4 44. Rc6 Kh7 45. g3 Ne5 46. Rxb6 Rxa4
47. Rb7+ Kg6 48. Nf4+ Kf6 49. Rb6+ Kg7 50. Rb3 Kf6 51. Ke2 Nc4 52. Kd3 Ke5 53.
Rb7 Kf6 54. Kc3 Nd6 55. Rb4 Ra3+ 56. Kd4 Ke7 57. Ng6+ Kd7 58. h4 Kc7 59. Ne5 h5
60. Nd3 Kd7 61. Rb3 Ra8 62. Nf4 Rh8 63. Rb6 Ra8 64. Rb3 Rh8 65. Rb4 Ra8 66.
Nxh5 Ra3 67. f4 Ke7 68. Rb8 Ra4+ 69. Kc3 Ra5 70. Kd4 Ra4+ 71. Ke3 Ra3+ 72. Ke2
Ra2+ 73. Kf3 Ra3+ 74. Kg2 Rd3 75. Rg8 Rxd5 76. Rg6 Kf7 77. Rg7+ Ke6 78. Rg6+
Kf7 79. Rf6+ Ke7 80. Rh6 Kf7 81. Kh3 Ne4 82. Ra6 Rd2 83. Rb6 Rc2 84. Ra6 Rd2
85. Ra5 Kg6 86. Ng7 Nf2+ 87. Kg2 Ng4+ 88. Kg1 Kxg7 89. Rxf5 Rd1+ 90. Kg2 Ne3+
91. Kf3 Nxf5 92. h5 Kh6 93. g4 Ng7 94. Ke4 Re1+ 95. Kf3 Rf1+ 96. Kg3 Ne6 97. f5
Ng5 98. Kh4 Rf3 99. f6 Rh3# 0-1

[Event "39. Rilton Cup 2009/2010"]
[Site "Stockholm SWE"]
[Date "2010.01.04"]
[Round "8.10"]
[White "Cramling, Dan"]
[Black "Gorovykh, Eduard"]
[Result "1/2-1/2"]
[WhiteElo "2408"]
[BlackElo "2410"]
[PlyCount "73"]
[EventDate "2009.12.27"]
[EventType "swiss"]
[EventRounds "9"]
[EventCountry "SWE"]
[Source "lmi"]
[SourceDate "2009.12.27"]

1. d4 Nf6 2. c4 g6 3. Nc3 Bg7 4. e4 d6 5. f4 O-O 6. Nf3 Na6 7. Be2 e5 8. fxe5
dxe5 9. Nxe5 c5 10. Be3 cxd4 11. Bxd4 Qe7 12. Nf3 Rd8 13. Nd5 Nxd5 14. exd5
Bxd4 15. Qxd4 Bf5 16. Qd2 Re8 17. d6 Qe4 18. Kf2 Rad8 19. Rhd1 Re6 20. Bd3 Qxd3
21. Qxd3 Bxd3 22. Rxd3 Nc5 23. Ra3 a6 24. Rd1 Ne4+ 25. Kf1 Rexd6 26. Rxd6 Rxd6
27. Rb3 Nc5 28. Re3 Nd3 29. Re2 Nc1 30. Re8+ Kg7 31. a3 Kf6 32. Rb8 Rd7 33. b4
Na2 34. c5 Rc7 35. Ke2 a5 36. bxa5 Rxc5 37. a6 1/2-1/2

[Event "39. Rilton Cup 2009/2010"]
[Site "Stockholm SWE"]
[Date "2010.01.04"]
[Round "8.11"]
[White "Molchanova, Tatjana"]
[Black "Hammer, Jon Ludvig"]
[Result "1/2-1/2"]
[WhiteElo "2368"]
[BlackElo "2588"]
[PlyCount "44"]
[EventDate "2009.12.27"]
[EventType "swiss"]
[EventRounds "9"]
[EventCountry "SWE"]
[Source "lmi"]
[SourceDate "2009.12.27"]

1. Nf3 Nf6 2. d4 e6 3. g3 d5 4. Bg2 b5 5. O-O Nbd7 6. c3 Bd6 7. Nbd2 Bb7 8. a4
c6 9. e4 Nxe4 10. Nxe4 dxe4 11. Ng5 Nf6 12. Nxe4 Nxe4 13. Bxe4 Qc7 14. Qh5 g6
15. Qh6 f5 16. Bg2 a6 17. axb5 cxb5 18. Bxb7 Qxb7 19. Re1 Kf7 20. Bf4 Bf8 21.
Qh3 h6 22. Rad1 Rh7 1/2-1/2

[Event "39. Rilton Cup 2009/2010"]
[Site "Stockholm SWE"]
[Date "2010.01.04"]
[Round "8.13"]
[White "Satonen, Arto"]
[Black "Semcesen, Daniel"]
[Result "0-1"]
[WhiteElo "2177"]
[BlackElo "2460"]
[PlyCount "108"]
[EventDate "2009.12.27"]
[EventType "swiss"]
[EventRounds "9"]
[EventCountry "SWE"]
[Source "lmi"]
[SourceDate "2009.12.27"]

1. e4 e5 2. Nf3 Nc6 3. Nc3 Nf6 4. d4 exd4 5. Nxd4 Bb4 6. Nxc6 bxc6 7. Bd3 d5 8.
exd5 cxd5 9. O-O O-O 10. Bg5 c6 11. Qf3 Re8 12. h3 Rb8 13. Ne2 Bd6 14. Nd4 Bd7
15. Rfe1 h6 16. Bh4 Be5 17. Nf5 Bxf5 18. Qxf5 g6 19. Bxf6 Qxf6 20. Qxf6 Bxf6
21. Rxe8+ Rxe8 22. Rb1 Rb8 23. b3 Bc3 24. Kf1 Kf8 25. Rd1 Ke7 26. f4 a5 27. Kf2
a4 28. Kf3 a3 29. h4 Rg8 30. g4 Kd6 31. f5 g5 32. hxg5 hxg5 33. Rh1 Re8 34. Rd1
Kc5 35. Be2 Kb4 36. Rd3 Be5 37. Re3 d4 38. Re4 Kc3 39. Bc4 f6 40. Re2 Rh8 41.
Be6 Rh3+ 42. Kf2 Rh1 43. Bc4 Ra1 44. Rxe5 fxe5 45. f6 Rh1 46. f7 Rh8 47. Kf3
Kxc2 48. Ke4 Rf8 49. Kxe5 d3 50. Ke6 d2 51. Be2 Kb2 52. Ke7 Rb8 53. f8=Q Rxf8
54. Kxf8 Kxa2 0-1

[Event "39. Rilton Cup 2009/2010"]
[Site "Stockholm SWE"]
[Date "2010.01.04"]
[Round "8.14"]
[White "Kauppila, Osmo"]
[Black "Berczes, Csaba"]
[Result "1/2-1/2"]
[WhiteElo "2279"]
[BlackElo "2379"]
[PlyCount "59"]
[EventDate "2009.12.27"]
[EventType "swiss"]
[EventRounds "9"]
[EventCountry "SWE"]
[Source "lmi"]
[SourceDate "2009.12.27"]

1. d4 Nf6 2. c4 e6 3. Nf3 Bb4+ 4. Bd2 Qe7 5. g3 Nc6 6. Bg2 Bxd2+ 7. Nbxd2 d6 8.
O-O e5 9. d5 Nb8 10. e4 a5 11. Ne1 O-O 12. Nd3 Na6 13. a3 Nc5 14. Nxc5 dxc5 15.
f4 Ne8 16. Qf3 Nd6 17. Qc3 Re8 18. Rae1 a4 19. Nf3 f6 20. f5 Bd7 21. Rf2 Reb8
22. Bf1 c6 23. g4 Be8 24. Qe3 b5 25. cxb5 cxb5 26. g5 c4 27. gxf6 Qxf6 28. Ng5
Bd7 29. Ne6 Bxe6 30. dxe6 1/2-1/2

[Event "39. Rilton Cup 2009/2010"]
[Site "Stockholm SWE"]
[Date "2010.01.04"]
[Round "8.15"]
[White "Akesson, Ralf"]
[Black "Niemi, Mikko"]
[Result "1/2-1/2"]
[WhiteElo "2454"]
[BlackElo "2219"]
[PlyCount "29"]
[EventDate "2009.12.27"]
[EventType "swiss"]
[EventRounds "9"]
[EventCountry "SWE"]
[Source "lmi"]
[SourceDate "2009.12.27"]

1. Nf3 g6 2. d4 Bg7 3. g3 d6 4. Bg2 Nf6 5. O-O O-O 6. Nc3 Nbd7 7. e4 e5 8. h3
c6 9. a4 Re8 10. dxe5 dxe5 11. a5 Qc7 12. Be3 Nf8 13. Qe2 Ne6 14. Rfd1 Bd7 15.
Qc4 1/2-1/2

[Event "39. Rilton Cup 2009/2010"]
[Site "Stockholm SWE"]
[Date "2010.01.04"]
[Round "8.16"]
[White "Markevich, Ilya"]
[Black "Bellon Lopez, Juan Manuel"]
[Result "1/2-1/2"]
[WhiteElo "2162"]
[BlackElo "2435"]
[PlyCount "156"]
[EventDate "2009.12.27"]
[EventType "swiss"]
[EventRounds "9"]
[EventCountry "SWE"]
[Source "lmi"]
[SourceDate "2009.12.27"]

1. e4 c5 2. Nf3 e6 3. d4 cxd4 4. Nxd4 a6 5. Nc3 b5 6. g3 Bb7 7. Bg2 Nf6 8. O-O
b4 9. Na4 Qa5 10. b3 Nxe4 11. Re1 Nc3 12. Nxc3 Bxg2 13. Kxg2 bxc3 14. Qf3 Ra7
15. Bf4 Qb6 16. Qxc3 Qb7+ 17. Qf3 Qxf3+ 18. Kxf3 Rb7 19. Rad1 Bb4 20. Bd2 O-O
21. Bxb4 Rxb4 22. c4 Rc8 23. Re5 d6 24. Ra5 Rb6 25. Kg2 Kf8 26. Ne2 g6 27. Nc3
Ke7 28. Ne4 Nd7 29. f4 h6 30. Re1 f5 31. Nc3 Kf7 32. Na4 Rbc6 33. Nb2 Nc5 34.
Rd1 Rb6 35. Na4 Nxa4 36. Rxa4 Rc5 37. Rd2 g5 38. Kf3 gxf4 39. gxf4 Kf6 40. Rg2
d5 41. Ke3 dxc4 42. Rxc4 Rxc4 43. bxc4 Rb1 44. Rc2 Re1+ 45. Kf3 Ke7 46. Rc3
Rf1+ 47. Kg3 Rg1+ 48. Kf3 Rg8 49. Rb3 Rc8 50. Rb6 Rxc4 51. Rxa6 Rc3+ 52. Kf2
Kf6 53. Ra8 Rc4 54. Kf3 Kg6 55. a4 Kh5 56. Ra6 Re4 57. a5 Kh4 58. Rc6 h5 59. a6
Kh3 60. a7 Ra4 61. Rxe6 Ra3+ 62. Kf2 Rxa7 63. Rg6 Ra2+ 64. Kf3 h4 65. Rg5 Ra5
66. Rh5 Ra3+ 67. Kf2 Kg4 68. Rh7 h3 69. Rb7 Ra2+ 70. Kg1 Rg2+ 71. Kh1 Re2 72.
Kg1 Kf3 73. Rb3+ Re3 74. Rb1 Kxf4 75. Kf2 Rf3+ 76. Ke2 Re3+ 77. Kf2 Re4 78. Rb6
Kg4 1/2-1/2

[Event "39. Rilton Cup 2009/2010"]
[Site "Stockholm SWE"]
[Date "2010.01.04"]
[Round "8.17"]
[White "Andersen, Mads"]
[Black "Yuneev, Alexey"]
[Result "1/2-1/2"]
[WhiteElo "2294"]
[BlackElo "2428"]
[PlyCount "135"]
[EventDate "2009.12.27"]
[EventType "swiss"]
[EventRounds "9"]
[EventCountry "SWE"]
[Source "lmi"]
[SourceDate "2009.12.27"]

1. e4 e5 2. Nf3 Nc6 3. Bb5 a6 4. Ba4 Nf6 5. O-O Be7 6. Re1 b5 7. Bb3 d6 8. c3
O-O 9. h3 Na5 10. Bc2 c5 11. d4 Qc7 12. Nbd2 cxd4 13. cxd4 Bb7 14. d5 Rac8 15.
Bd3 Nd7 16. Nf1 f5 17. exf5 Bxd5 18. Ng5 Bxg5 19. Bxg5 Ba8 20. Ng3 Qc6 21. Be4
d5 22. Rc1 Qd6 23. Rxc8 Rxc8 24. f6 Nxf6 25. Bxf6 Qxf6 26. Bxd5+ Kh8 27. Bxa8
Rxa8 28. Qd5 Re8 29. a4 Rf8 30. Ne4 Qb6 31. axb5 Qxb5 32. Qxb5 axb5 33. Nd6 Nc4
34. Nxc4 bxc4 35. Rxe5 Rb8 36. Re2 Kg8 37. Rc2 Kf7 38. Kf1 Ke6 39. Ke1 h5 40.
Kd1 Kd5 41. Rd2+ Kc5 42. Re2 g6 43. Kc2 Rb6 44. Re4 Kd5 45. Re8 Kd4 46. f3 Kd5
47. Re4 Kc5 48. h4 Kd5 49. Re2 Kd4 50. g3 Rf6 51. f4 Rb6 52. Re5 Rc6 53. Rb5
Re6 54. Kd2 Rf6 55. Rb4 Rd6 56. Rb5 Rf6 57. Rg5 Rb6 58. Kc1 Kd3 59. Rd5+ Ke4
60. Ra5 Rb3 61. Rg5 c3 62. bxc3 Rxc3+ 63. Kb2 Rc6 64. Kb3 Kd4 65. Kb4 Rb6+ 66.
Ka5 Re6 67. Kb4 Rb6+ 68. Ka5 1/2-1/2

[Event "39. Rilton Cup 2009/2010"]
[Site "Stockholm SWE"]
[Date "2010.01.04"]
[Round "8.18"]
[White "Angskog, Kent"]
[Black "Gagarin, Vasilij"]
[Result "1/2-1/2"]
[WhiteElo "2229"]
[BlackElo "2422"]
[PlyCount "71"]
[EventDate "2009.12.27"]
[EventType "swiss"]
[EventRounds "9"]
[EventCountry "SWE"]
[Source "lmi"]
[SourceDate "2009.12.27"]

1. Nf3 d6 2. e4 Nf6 3. Nc3 e5 4. d4 Nbd7 5. Bc4 Be7 6. O-O O-O 7. a4 a6 8. Re1
b6 9. dxe5 dxe5 10. Nd5 Bb7 11. c3 Nc5 12. Nxe5 Ncxe4 13. Nxe7+ Qxe7 14. Bf4 g5
15. Bg3 Nxg3 16. hxg3 Ne4 17. Ng4 Qc5 18. Qd4 Qxd4 19. cxd4 Kg7 20. Bd3 f5 21.
Rac1 Rac8 22. Ne3 Nd6 23. g4 fxg4 24. Nxg4 Rf4 25. Ne3 h5 26. a5 Kf6 27. axb6
cxb6 28. Rxc8 Nxc8 29. Bxa6 Bxa6 30. Nd5+ Kf5 31. Re5+ Kg6 32. Re6+ Kf5 33.
Re5+ Kg6 34. Re6+ Kf5 35. Re5+ Kg6 36. Re6+ 1/2-1/2

[Event "39. Rilton Cup 2009/2010"]
[Site "Stockholm SWE"]
[Date "2010.01.04"]
[Round "8.20"]
[White "Kiuttu, Roope"]
[Black "Ulibin, Mikhail"]
[Result "0-1"]
[WhiteElo "2194"]
[BlackElo "2548"]
[PlyCount "74"]
[EventDate "2009.12.27"]
[EventType "swiss"]
[EventRounds "9"]
[EventCountry "SWE"]
[Source "lmi"]
[SourceDate "2009.12.27"]

1. e4 e6 2. d4 d5 3. e5 c5 4. c3 Nc6 5. Nf3 Bd7 6. Be2 Nge7 7. Na3 cxd4 8. cxd4
Nf5 9. Nc2 Qb6 10. h4 f6 11. g4 Nfe7 12. h5 Nd8 13. a4 Nec6 14. O-O Nf7 15. Bf4
Be7 16. Qd3 Rc8 17. Rfb1 fxe5 18. Nxe5 Nfxe5 19. dxe5 O-O 20. Bg3 Bg5 21. Ne3
Bf4 22. a5 Qd4 23. Qxd4 Nxd4 24. Bd1 Bxg3 25. fxg3 Nc6 26. Be2 Nxe5 27. Rd1 Bc6
28. Nf1 Nf3+ 29. Bxf3 Rxf3 30. Re1 Rcf8 31. Rxe6 d4 32. a6 Rf2 33. axb7 Bxb7
34. Re7 Rg2+ 35. Kh1 Rxb2+ 36. Kg1 Rg2+ 37. Kh1 Ra2+ 0-1

[Event "39. Rilton Cup 2009/2010"]
[Site "Stockholm SWE"]
[Date "2010.01.04"]
[Round "8.21"]
[White "Koskela, Niina"]
[Black "Nithander, Victor"]
[Result "0-1"]
[WhiteElo "2189"]
[BlackElo "2434"]
[PlyCount "44"]
[EventDate "2009.12.27"]
[EventType "swiss"]
[EventRounds "9"]
[EventCountry "SWE"]
[Source "lmi"]
[SourceDate "2009.12.27"]

1. e4 c5 2. Nf3 d6 3. d4 cxd4 4. Nxd4 Nf6 5. Nc3 g6 6. Be2 Bg7 7. Nb3 Nc6 8.
O-O O-O 9. Be3 Be6 10. f4 Rc8 11. Kh1 a6 12. a4 Na5 13. f5 Bc4 14. e5 Bxe2 15.
Qxe2 dxe5 16. fxg6 hxg6 17. Rad1 Qc7 18. Rxf6 Bxf6 19. Nd5 Qc4 20. Qf2 Nxb3 21.
Nxf6+ exf6 22. Qxf6 Qe2 0-1

[Event "39. Rilton Cup 2009/2010"]
[Site "Stockholm SWE"]
[Date "2010.01.04"]
[Round "8.22"]
[White "Ask, Josef"]
[Black "Lindberg, Bengt"]
[Result "1-0"]
[WhiteElo "2183"]
[BlackElo "2407"]
[PlyCount "83"]
[EventDate "2009.12.27"]
[EventType "swiss"]
[EventRounds "9"]
[EventCountry "SWE"]
[Source "lmi"]
[SourceDate "2009.12.27"]

1. d4 Nf6 2. Nf3 e6 3. c4 c5 4. d5 d6 5. Nc3 exd5 6. cxd5 g6 7. h3 a6 8. a4 Qe7
9. Bf4 Nbd7 10. Nd2 Ne5 11. e4 Bg7 12. Be2 O-O 13. O-O Nfd7 14. Bh2 g5 15. Qc2
Ng6 16. Rfe1 Nde5 17. Bf1 g4 18. hxg4 Nxg4 19. Bg3 h5 20. Nc4 Rd8 21. e5 dxe5
22. d6 Qf8 23. Rad1 h4 24. Bh2 Be6 25. Nb6 Rab8 26. Ne4 Nxh2 27. Kxh2 Bh6 28.
Nxc5 Bf4+ 29. Kg1 Rxd6 30. Nbd7 Bxd7 31. Nxd7 Rxd1 32. Rxd1 Rc8 33. Qf5 Ne7 34.
Nf6+ Kg7 35. Nh5+ Kh6 36. Rd6+ Ng6 37. Rf6 Qd8 38. Nxf4 exf4 39. Qxf4+ Kg7 40.
Rxf7+ Kg8 41. Qf5 Nf8 42. Rxb7 1-0

[Event "39. Rilton Cup 2009/2010"]
[Site "Stockholm SWE"]
[Date "2010.01.04"]
[Round "8.23"]
[White "Evertsson, Lennart"]
[Black "Von Bahr, Oskar"]
[Result "0-1"]
[WhiteElo "2159"]
[BlackElo "2316"]
[PlyCount "126"]
[EventDate "2009.12.27"]
[EventType "swiss"]
[EventRounds "9"]
[EventCountry "SWE"]
[Source "lmi"]
[SourceDate "2009.12.27"]

1. d4 Nf6 2. c4 g6 3. Nc3 d5 4. Nf3 Bg7 5. Bg5 Ne4 6. cxd5 Nxg5 7. Nxg5 e6 8.
Qa4+ c6 9. dxc6 Nxc6 10. Nf3 Bd7 11. Qd1 Qb6 12. Qd2 Nxd4 13. O-O-O Rd8 14.
Nxd4 Bc6 15. e3 e5 16. Qe1 exd4 17. exd4+ Kf8 18. d5 Bxd5 19. Rxd5 Rxd5 20.
Qe7+ Kxe7 21. Nxd5+ Kd6 22. Nxb6 axb6 23. Bd3 Rc8+ 24. Kb1 Rc5 25. Be4 Bd4 26.
f4 Kc7 27. Rf1 Rb5 28. b3 Rh5 29. Rc1+ Kd6 30. Rd1 Kc5 31. Rh1 Bf2 32. g3 Kd4
33. Bxb7 Kc3 34. Bf3 Rh3 35. Bg2 Rh5 36. Rf1 Be3 37. h3 Rc5 38. Bf3 Bd2 39. Be4
Kd4 40. Bg2 Ke3 41. Bf3 f5 42. a3 h5 43. b4 Rc3 44. Kb2 Kd4 45. h4 Re3 46. Rd1
Kd3 47. Bc6 Rxg3 48. Bb5+ Ke3 49. Kc2 Rg2 50. Kb3 Kxf4 51. Be8 Ke3 52. Kc4 Ke2
53. Rb1 f4 54. Bc6 f3 55. Kb5 Be3 56. Rb2+ Kf1 57. Rb3 Kf2 58. a4 g5 59. a5
bxa5 60. bxa5 gxh4 61. Rb2+ Kg3 62. Rb3 Re2 63. a6 f2 0-1

[Event "39. Rilton Cup 2009/2010"]
[Site "Stockholm SWE"]
[Date "2010.01.04"]
[Round "8.24"]
[White "Glimbrant, Torbjorn"]
[Black "Vaarala, Eric"]
[Result "1/2-1/2"]
[WhiteElo "2263"]
[BlackElo "2032"]
[PlyCount "92"]
[EventDate "2009.12.27"]
[EventType "swiss"]
[EventRounds "9"]
[EventCountry "SWE"]
[Source "lmi"]
[SourceDate "2009.12.27"]

1. d4 Nf6 2. c4 e6 3. Nf3 c5 4. e3 d5 5. Nc3 Nc6 6. a3 dxc4 7. Bxc4 cxd4 8.
exd4 Be7 9. O-O O-O 10. Bg5 h6 11. Be3 a6 12. Qd3 Ng4 13. Rad1 Nxe3 14. Qxe3
Qb6 15. b4 Rd8 16. Ne4 Qa7 17. Bb3 Bf8 18. Rfe1 Ne7 19. Ne5 f6 20. Nf3 Nd5 21.
Qd2 a5 22. Nc5 axb4 23. axb4 Qb6 24. Rb1 Qd6 25. Bc4 b6 26. Ne4 Qb8 27. h4 Ra4
28. Qc2 Ra7 29. b5 Rc7 30. Qb3 Bb7 31. h5 Qc8 32. Bf1 Nf4 33. Qe3 Nd5 34. Qb3
f5 35. Ned2 Rc3 36. Qd1 Bd6 37. Rc1 Bf4 38. Rxc3 Nxc3 39. Qb3 Bd5 40. Bc4 Bxd2
41. Nxd2 Ne4 42. Bxd5 Rxd5 43. Nxe4 fxe4 44. Qe3 Rxb5 45. Qxe4 Rxh5 46. Qxe6+
Qxe6 1/2-1/2

[Event "39. Rilton Cup 2009/2010"]
[Site "Stockholm SWE"]
[Date "2010.01.04"]
[Round "8.25"]
[White "Kopasov, Alexander"]
[Black "Bryntze, Stefan"]
[Result "0-1"]
[WhiteElo "2221"]
[BlackElo "2073"]
[PlyCount "82"]
[EventDate "2009.12.27"]
[EventType "swiss"]
[EventRounds "9"]
[EventCountry "SWE"]
[Source "lmi"]
[SourceDate "2009.12.27"]

1. d4 e6 2. Nf3 f5 3. g3 Nf6 4. Bg2 d5 5. O-O Bd6 6. b3 O-O 7. c4 c6 8. Ba3 b6
9. Bxd6 Qxd6 10. Qc1 Nbd7 11. Rd1 Ba6 12. Qa3 Qxa3 13. Nxa3 Rac8 14. Rac1 h6
15. b4 Ne4 16. Nd2 Ndf6 17. f3 Nd6 18. c5 Nb5 19. Nxb5 Bxb5 20. Bf1 Nd7 21. Nb1
bxc5 22. dxc5 a5 23. a3 axb4 24. axb4 Ra8 25. Nc3 Rfb8 26. Ra1 Rxa1 27. Rxa1
Bc4 28. Ra4 d4 29. Nb1 e5 30. Na3 Bd5 31. Kf2 e4 32. Ra7 Ne5 33. Bh3 Rxb4 34.
Bxf5 e3+ 35. Kf1 Rb2 36. Nc2 d3 37. Nxe3 dxe2+ 38. Kf2 Nxf3 39. Ra8+ Kf7 40.
Ra7+ Kf6 41. Nxd5+ cxd5 0-1

[Event "39. Rilton Cup 2009/2010"]
[Site "Stockholm SWE"]
[Date "2010.01.04"]
[Round "8.26"]
[White "Pohjala, Henri"]
[Black "Wiander, Michael"]
[Result "1-0"]
[WhiteElo "2153"]
[BlackElo "2195"]
[PlyCount "103"]
[EventDate "2009.12.27"]
[EventType "swiss"]
[EventRounds "9"]
[EventCountry "SWE"]
[Source "lmi"]
[SourceDate "2009.12.27"]

1. d4 g6 2. Nf3 Bg7 3. g3 c5 4. d5 d6 5. Bg2 b5 6. O-O Nf6 7. Re1 O-O 8. e4
Nfd7 9. Bf1 Ba6 10. a4 b4 11. Nbd2 Bxf1 12. Kxf1 Qc8 13. Qe2 Nf6 14. Kg2 Nbd7
15. Nc4 Qa6 16. a5 e6 17. dxe6 fxe6 18. e5 Ng4 19. exd6 Rae8 20. h3 Rxf3 21.
Qxf3 Qxc4 22. Qxg4 Bd4 23. Qe2 Qd5+ 24. Qe4 Qxd6 25. Bf4 e5 26. c3 bxc3 27.
bxc3 Nf6 28. Qf3 exf4 29. cxd4 Qxd4 30. Rad1 Rxe1 31. Rxd4 cxd4 32. Qxf4 Ne8
33. Qxd4 Re7 34. h4 Kf7 35. Qf4+ Nf6 36. f3 h5 37. Qc4+ Kg7 38. g4 hxg4 39.
fxg4 Ne4 40. Qb4 Kf7 41. g5 Re6 42. Qb7+ Re7 43. Qd5+ Re6 44. Kf3 Nd6 45. h5
Ke7 46. h6 a6 47. Qc5 Kf8 48. Qb4 Kf7 49. Qd4 Nf5 50. Qd5 Kf8 51. Qd8+ Kf7 52.
h7 1-0

[Event "39. Rilton Cup 2009/2010"]
[Site "Stockholm SWE"]
[Date "2010.01.04"]
[Round "8.27"]
[White "Nguyen, Michael"]
[Black "Jacobsen, Kovachev Daniel"]
[Result "0-1"]
[WhiteElo "2187"]
[BlackElo "2243"]
[PlyCount "60"]
[EventDate "2009.12.27"]
[EventType "swiss"]
[EventRounds "9"]
[EventCountry "SWE"]
[Source "lmi"]
[SourceDate "2009.12.27"]

1. d4 f5 2. g3 Nf6 3. Bg2 e6 4. c4 c6 5. Nf3 d5 6. O-O Bd6 7. b3 Qe7 8. Bb2 b6
9. Nbd2 Bb7 10. Qc2 Nbd7 11. cxd5 cxd5 12. Rac1 O-O 13. Ne5 Rac8 14. Qd3 Bb8
15. Nxd7 Nxd7 16. Nf3 Bd6 17. Ne1 Rxc1 18. Bxc1 Rc8 19. Bb2 Nb8 20. Nf3 Ba6 21.
Qd1 h6 22. Qa1 Bxe2 23. Re1 Rc2 24. Rc1 Qc7 25. Ne1 Rxc1 26. Qxc1 Qxc1 27. Bxc1
Bb4 28. Bf1 Bxe1 29. Bxe2 Bc3 30. f4 Nc6 0-1

[Event "39. Rilton Cup 2009/2010"]
[Site "Stockholm SWE"]
[Date "2010.01.04"]
[Round "8.29"]
[White "Lokander, Martin"]
[Black "Rosenkilde, Alexander"]
[Result "1-0"]
[WhiteElo "1820"]
[BlackElo "2201"]
[PlyCount "81"]
[EventDate "2009.12.27"]
[EventType "swiss"]
[EventRounds "9"]
[EventCountry "SWE"]
[Source "lmi"]
[SourceDate "2009.12.27"]

1. d4 Nf6 2. Bg5 e6 3. e4 h6 4. Bxf6 Qxf6 5. Nc3 d6 6. Qd2 c6 7. Nf3 e5 8. dxe5
dxe5 9. O-O-O Be7 10. Qe3 Nd7 11. Bd3 Nc5 12. Rhf1 Be6 13. Nd2 Rd8 14. g3 b5
15. Kb1 O-O 16. f4 b4 17. Ne2 Nxd3 18. cxd3 a5 19. Nf3 exf4 20. Nxf4 Bg4 21. h3
Bxf3 22. Rxf3 Qd4 23. Nd5 Bc5 24. Qxd4 Bxd4 25. Ne7+ Kh7 26. Nxc6 Rd6 27. Nxa5
Ra8 28. Nb3 Ra7 29. Nxd4 Rxd4 30. Rd2 f6 31. Rf5 Kg6 32. Rc5 Kf7 33. Rc4 Rxc4
34. dxc4 Re7 35. Rd4 Ke6 36. c5 Rc7 37. Rc4 g6 38. Kc2 f5 39. exf5+ gxf5 40. c6
Rg7 41. c7 1-0

[Event "39. Rilton Cup 2009/2010"]
[Site "Stockholm SWE"]
[Date "2010.01.04"]
[Round "8.30"]
[White "Gromova, Iulia"]
[Black "Hobber, Anders"]
[Result "1/2-1/2"]
[WhiteElo "2222"]
[BlackElo "2132"]
[PlyCount "50"]
[EventDate "2009.12.27"]
[EventType "swiss"]
[EventRounds "9"]
[EventCountry "SWE"]
[Source "lmi"]
[SourceDate "2009.12.27"]

1. d4 d5 2. c4 c6 3. Nf3 Nf6 4. Nc3 e6 5. cxd5 exd5 6. Bg5 Be7 7. Qc2 g6 8. h3
Bf5 9. Qb3 Qb6 10. g4 Qxb3 11. axb3 Be6 12. e3 Nbd7 13. Bd3 h6 14. Bf4 Ne4 15.
Ke2 g5 16. Bh2 h5 17. Rhg1 hxg4 18. hxg4 Ndf6 19. Be5 Rh6 20. Bxe4 Nxe4 21. Rg2
f6 22. Bh2 Kf7 23. Na4 Rah8 24. Bg1 Bd6 25. Ne1 Bb8 1/2-1/2

[Event "39. Rilton Cup 2009/2010"]
[Site "Stockholm SWE"]
[Date "2010.01.04"]
[Round "8.31"]
[White "Grochowalski, Pawel"]
[Black "Mardell, Jimmy"]
[Result "1/2-1/2"]
[WhiteElo "2072"]
[BlackElo "2182"]
[PlyCount "54"]
[EventDate "2009.12.27"]
[EventType "swiss"]
[EventRounds "9"]
[EventCountry "SWE"]
[Source "lmi"]
[SourceDate "2009.12.27"]

1. d4 Nf6 2. c4 c5 3. d5 b5 4. cxb5 a6 5. b6 e6 6. Nc3 Nxd5 7. Nxd5 exd5 8.
Qxd5 Nc6 9. Nf3 Rb8 10. Ne5 Qf6 11. Nxc6 dxc6 12. Qe4+ Be7 13. g3 O-O 14. Bg2
Rxb6 15. O-O Bf5 16. Qa4 Qe6 17. Qa5 Rfb8 18. Bf4 R8b7 19. e4 Bh3 20. Bxh3 Qxh3
21. b3 h6 22. Rac1 Rb5 23. Qxa6 c4 24. Qxc6 cxb3 25. axb3 Rxb3 26. Qe8+ Kh7 27.
Qxf7 Bd6 1/2-1/2

[Event "39. Rilton Cup 2009/2010"]
[Site "Stockholm SWE"]
[Date "2010.01.04"]
[Round "8.32"]
[White "Janse, Love"]
[Black "Svensson, Leif"]
[Result "1/2-1/2"]
[WhiteElo "2141"]
[BlackElo "2195"]
[PlyCount "69"]
[EventDate "2009.12.27"]
[EventType "swiss"]
[EventRounds "9"]
[EventCountry "SWE"]
[Source "lmi"]
[SourceDate "2009.12.27"]

1. e4 e5 2. Nc3 Nf6 3. Bc4 Nxe4 4. Qh5 Nd6 5. Bb3 Nc6 6. Nb5 g6 7. Qf3 f5 8.
Qd5 Qe7 9. Nxc7+ Kd8 10. Nxa8 b6 11. Nxb6 axb6 12. d3 Bb7 13. Qf3 Nd4 14. Qh3
e4 15. Be3 exd3 16. O-O-O Nxb3+ 17. cxb3 Qe4 18. Nf3 Bg7 19. Qh4+ Kc7 20. Qxe4
fxe4 21. Nd2 Rf8 22. f3 exf3 23. Nxf3 Be4 24. Ne1 Nf5 25. Bf4+ Kb7 26. Nxd3 Nd4
27. Be3 Bxg2 28. Bxd4 Bxd4 29. Rhe1 Bf6 30. Kb1 d5 31. a4 Bf3 32. Rc1 Be4 33.
Rcd1 Bf3 34. Rc1 Be4 35. Rcd1 1/2-1/2

[Event "39. Rilton Cup 2009/2010"]
[Site "Stockholm SWE"]
[Date "2010.01.05"]
[Round "9.2"]
[White "Ponkratov, Pavel"]
[Black "Rozentalis, Eduardas"]
[Result "1/2-1/2"]
[WhiteElo "2575"]
[BlackElo "2611"]
[PlyCount "63"]
[EventDate "2009.12.27"]
[EventType "swiss"]
[EventRounds "9"]
[EventCountry "SWE"]
[Source "lmi"]
[SourceDate "2009.12.27"]

1. e4 e6 2. d4 d5 3. Nc3 dxe4 4. Nxe4 Bd7 5. Nf3 Bc6 6. Bd3 Nd7 7. O-O Be7 8.
c4 Bxe4 9. Bxe4 c6 10. Bc2 Ngf6 11. Qe2 O-O 12. b3 Re8 13. Bb2 Qc7 14. Rad1
Rad8 15. Ne5 Nxe5 16. dxe5 Nd7 17. h4 Nf8 18. h5 Rxd1 19. Rxd1 Rd8 20. Bc3
Rxd1+ 21. Qxd1 a5 22. g3 Bb4 23. Bb2 Qd7 24. Qxd7 Nxd7 25. f4 g6 26. Kf2 Kg7
27. g4 Bd2 28. Kf3 g5 29. fxg5 Bxg5 30. Bc3 Bd8 31. a3 h6 32. b4 1/2-1/2

[Event "39. Rilton Cup 2009/2010"]
[Site "Stockholm SWE"]
[Date "2010.01.05"]
[Round "9.3"]
[White "Popov, Valerij"]
[Black "Lysyj, Igor"]
[Result "1/2-1/2"]
[WhiteElo "2588"]
[BlackElo "2609"]
[PlyCount "63"]
[EventDate "2009.12.27"]
[EventType "swiss"]
[EventRounds "9"]
[EventCountry "SWE"]
[Source "lmi"]
[SourceDate "2009.12.27"]

1. d4 Nf6 2. c4 e6 3. Nc3 Bb4 4. Qc2 d5 5. a3 Bxc3+ 6. Qxc3 Ne4 7. Qc2 c5 8.
dxc5 Nc6 9. cxd5 exd5 10. e3 Qa5+ 11. Bd2 Nxd2 12. Qxd2 Qxc5 13. Rc1 Qb6 14.
Nf3 O-O 15. Be2 Rd8 16. Nd4 Bd7 17. O-O Rac8 18. Nxc6 Bxc6 19. Rfd1 Ba4 20.
Rxc8 Rxc8 21. Rc1 Rxc1+ 22. Qxc1 Qc6 23. Qd2 h6 24. Bf3 Bb3 25. g3 Qc4 26. h4
b6 27. Bg2 a5 28. f4 Kf8 29. Bf3 Ke7 30. Kf2 Kd6 31. Ke1 f6 32. Qd4 1/2-1/2